00940nam a2200205 a 450000100100000000500170001000800410002702000150006804000250008310000430010824501620015126000720031330000260038549000440041150400320045550400730048783000510056095201060061199900170071700004148220201002034929.0131007s2002 sp 000 0 spa d a8400080076 aDO-SdBNPbspacBNPHU1 aMerino Hernando, Maria Asuncion96817210aHistoria de los Inmigrantes Peruanos en España :bdinámicas de exclusión e inclusión en una Europa globalizada /cMaría Asunción Merino Hernando. aMadrid :bConsejo Superior de Investigaciones Científicas,c2002. aXLI, 248 p. ;c25 cm.1 aBiblioteca de historia de Américav23 aBibliografía : p. 225-248 aIncluye referencias bibliográficas y notas al pie de las páginas 0aBiblioteca de historia de Américav23966078 0010507-18MOaGRbGRcOId2013-10-07iLF1l0o p41482-10r2020-06-25w2020-06-25y1ZNo se presta c40972d40972